| 000 | 00989cam a2200301 i 4500 | ||
|---|---|---|---|
| 999 |
_c200446135 _d64347 |
||
| 001 | 200446135 | ||
| 003 | TR-AnTOB | ||
| 005 | 20221230135215.0 | ||
| 007 | ta | ||
| 008 | 070323s1997 tu d 000 0 tur d | ||
| 035 | _a(TR-AnTOB)200446135 | ||
| 040 |
_aTR-AnTOB _beng _erda _cTR-AnTOB |
||
| 041 | 0 | _atur | |
| 050 | 1 | 4 |
_aTD195.P26 _bİ37 1997 |
| 090 |
_aTD195.P26 _bİ37 1997 |
||
| 245 | 1 | 0 |
_aİhracatımız Açısından Ambalaj Atıklarına İlişkin Türkiye - AB düzenlemeleri / _chazırlayan Cengiz Türkay. |
| 264 | 1 |
_aAnkara : _bİGEME, _c1997. |
|
| 300 |
_a48 pages : _btables ; _c28 cm |
||
| 336 |
_atext _btxt _2rdacontent |
||
| 337 |
_aunmediated _bn _2rdamedia |
||
| 338 |
_avolume _bnc _2rdacarrier |
||
| 650 | 7 |
_aAmbalaj atığı _xÇevresel yönleri _2etuturkob _9134917 |
|
| 700 | 1 |
_aTürkay, Cengiz _eeditor _9130472 |
|
| 710 | 2 |
_aİhracatı Geliştirme Etüd Merkezi (Turkey) _918691 |
|
| 942 |
_2lcc _cBK |
||